Statistiques concernant Animaux en images par lettre - T

Cliquez ici pour prendre le quiz!

Statistiques générales

  • Ce quiz a été pris 1 201 fois
  • Le résultat moyen est 12 sur 20

Statistiques - réponses

Réponse% Correct
Tigre
100%
Tortue
100%
Taupe
95%
Tyrannosaure rex
95%
Toucan
91%
Tapir
80%
Thon
80%
Tarentule
75%
Tique
73%
Tricératops
68%
Tatou
62%
Tourterelle
57%
Taon
52%
Truite
40%
Termite
31%
Tarsier
26%
Triton
26%
Tamarin
25%
Tétras
16%
Tamia
15%

Distribution des résultats

Percentile par nombre de réponses

% des personnes avec chaque résultat

Votre développement - résultats

Vous n’avez pas pris ce quiz